| 000 | 00667nam a2200241 a 4500 | ||
|---|---|---|---|
| 001 | nice12345678 | ||
| 003 | IN_TiNIC | ||
| 005 | 20260116013131.0 | ||
| 008 | 050524s1995 chia grp 000 0 eng | ||
| 020 |
_a0812691 _c414 |
||
| 082 | 0 | 0 |
_a291.175 _bMAT |
| 100 | _aMatthews, Clifford N | ||
| 245 |
_aCosmic Beginnings and Human Ends _b Where Sciences and Religion Meet. |
||
| 260 |
_aChicago, London _bOpen Court Publishing Co. _c1995 |
||
| 300 | _a433p | ||
| 500 | _aincludes index and biblioraphy | ||
| 505 | 2 | _aIndex | |
| 650 | _aReligion and Science-Congress | ||
| 650 | _aCosmology-Congress | ||
| 902 | _bSRS | ||
| 942 | _cBK | ||
| 999 |
_c9794 _d9794 |
||